[Event "Travemuende op"]
[Site "Travemuende"]
[Date "1995.??.??"]
[Round "2"]
[White "Engel, Berthold"]
[Black "Hennings, Artur"]
[Result "1-0"]
[WhiteElo "2270"]
[BlackElo "2355"]

1.e4 d6 2.d4 Nf6 3.Nc3 Nbd7 4.f4 e5 5.dxe5 dxe5 6.Bc4 Bd6 7.f5 h6 8.Qf3 a6
9.Be3 b5 10.Bd5 Nxd5 11.Nxd5 c6 12.Nc3 Bc5 13.Nh3 Qb6 14.Bxc5 Qxc5 15.Nf2 Bb7
16.Nd3 Qe7 17.Rd1 O-O-O 18.O-O f6 19.Qe3 c5 20.Nc1 Nb6 21.Nb3 Rd4 22.Qf2 Rhd8
23.Nxd4 exd4 24.Nd5 Bxd5 25.exd5 Nxd5 26.Rfe1 Ne3 27.Qf3 Kc7 28.Rd3 c4 29.Ra3 Qd6
30.Re2 Qc5 31.Rxa6 Nxf5 32.Ree6 d3+ 33.Kh1 Rd5 34.Ra7+ Qxa7 35.Qxd5 dxc2
36.Rc6+  1-0

[Event "Trelew Clarin-GP"]
[Site "Trelew"]
[Date "1995.??.??"]
[Round "9"]
[White "Sorokin, Maxim"]
[Black "Iglesias, Alejandro"]
[Result "1-0"]
[WhiteElo "2550"]
[BlackElo "2225"]

1.d4 d6 2.e4 Nf6 3.Nc3 c6 4.Bg5 Qa5 5.Qd2 e5 6.dxe5 dxe5 7.Bxf6 gxf6 8.Bc4 Nd7
9.Nge2 Rg8 10.O-O b5 11.Bb3 Qc7 12.Ng3 Nc5 13.a3 Be6 14.Ba2 Rd8 15.Qe2 Rg6
16.Rad1 Rxd1 17.Rxd1 Bxa2 18.Nxa2 Ne6 19.Nc1 Nd4 20.Qd3 Ne6 21.Nce2 a5 22.Nf5 Bc5
23.g3 Qa7 24.Kf1 Qc7 25.a4 b4 26.Qa6 Be7 27.Qa8+ Nd8 28.Nc1 Rg5 29.Nb3  1-0

[Event "Tula"]
[Site "Tula"]
[Date "1995.??.??"]
[Round "?"]
[White "Kozlov, Vladimir N"]
[Black "Vorotnikov, Vladislav V"]
[Result "0-1"]
[WhiteElo "2255"]
[BlackElo "2460"]

1.e4 d6 2.d4 Nf6 3.Nc3 c6 4.g3 e5 5.Nf3 Nbd7 6.Bg2 Be7 7.O-O O-O 8.a4 a5
9.b3 Re8 10.Re1 Bf8 11.Ba3 Qc7 12.Qd2 Nb8 13.h3 Na6 14.Rad1 Nb4 15.Re2 b6
16.Bb2 Ba6 17.Ree1 Rad8 18.Qc1 h6 19.Rd2 Bc8 20.Red1 d5 21.dxe5 Nxe4 22.Nxe4 dxe4
23.Rxd8 Rxd8 24.Rxd8 Qxd8 25.Nd4 Bc5 26.Qd2 Bxd4 27.Bxd4 c5 28.Bc3 Qxd2 29.Bxd2 Nxc2
30.Bxe4 Nd4 31.e6 Bxe6 32.Bf4 Ne2+  0-1

[Event "Britisch Columbia-ch"]
[Site "Vancouver"]
[Date "1995.??.??"]
[Round "1"]
[White "Poitras, Luc"]
[Black "Storey, Carl"]
[Result "0-1"]
[WhiteElo "2095"]
[BlackElo "2125"]

1.e4 c6 2.Nc3 d6 3.d4 Nf6 4.f4 g6 5.Nf3 Bg7 6.Bd3 O-O 7.O-O Bg4 8.Kh1 Nh5
9.Ne2 c5 10.d5 Nd7 11.h3 Bxf3 12.Rxf3 Rc8 13.c4 e6 14.g4 Nhf6 15.Ng3 exd5
16.exd5 h6 17.Bd2 Nh7 18.Rb1 Re8 19.Qc2 Nhf8 20.Re1 Qh4 21.Kg2 Bd4 22.Bc3 Rxe1
23.Bxe1 Re8 24.Bc3 Qe7 25.Bxd4 cxd4 26.Qf2 Nc5 27.Qxd4 Qe1 28.Bf1 Nfd7 29.Qf2 Qb1
30.a3 a5 31.Qd2 a4 32.Rf2 Nf6 33.Re2 Rxe2+ 34.Bxe2 Nfe4 35.Nxe4 Qxe4+ 36.Kg1 Nb3
37.Qd3 Qxf4 38.Bf1 Nd2 39.Be2 Ne4 40.Bf3 Qg3+  0-1

[Event "ITA-ch"]
[Site "Verona"]
[Date "1995.??.??"]
[Round "4"]
[White "Tatai, Stefano"]
[Black "De Santis, Alessio"]
[Result "1-0"]
[WhiteElo "2435"]
[BlackElo "2260"]

1.e4 d6 2.d4 Nf6 3.Nc3 c6 4.Nf3 Bg4 5.h3 Bh5 6.Be2 e6 7.Be3 Be7 8.O-O d5
9.exd5 cxd5 10.Ne5 Bxe2 11.Nxe2 Nbd7 12.Nd3 O-O 13.c3 Qc7 14.Qe1 Bd6 15.Bf4 Bxf4
16.Nexf4 a5 17.f3 b5 18.a3 Qc4 19.Rd1 Rfc8 20.g4 Rab8 21.g5 Ne8 22.Nxe6 Rb6
23.Nef4 h6 24.h4 hxg5 25.hxg5 g6 26.Qh4 Ng7 27.Rf2 b4 28.axb4 axb4 29.Nxb4 Rxb4
30.Rh2 Kf8 31.Qh8+ Ke7 32.Qxg7 Rb7 33.Re1+ Kd6 34.Qxf7  1-0

[Event "ITA-ch"]
[Site "Verona"]
[Date "1995.??.??"]
[Round "6"]
[White "Martorelli, Antonio"]
[Black "De Santis, Alessio"]
[Result "0-1"]
[WhiteElo "2320"]
[BlackElo "2260"]

1.e4 d6 2.d4 Nf6 3.Nc3 c6 4.h3 Nbd7 5.Nf3 e5 6.Bc4 Be7 7.O-O O-O 8.a4 Nxe4
9.Nxe4 d5 10.Nxe5 Nxe5 11.dxe5 dxc4 12.Nd6 Be6 13.Nxb7 Qc7 14.Nd6 Rad8 15.Qf3 Bxd6
16.exd6 Qxd6 17.Bf4 Qd5 18.Qg3 Qf5 19.Rac1 Rd5 20.Rfe1 Qg6 21.Qc3 Rf5 22.Be5 Bd5
23.Bg3 h5 24.h4 Rf4 25.Re5 Rg4 26.Rce1 f6 27.Re7 Rxh4 28.Rxa7 Qg4 29.f4 Rh1+
30.Kf2 Rxe1 31.Qxe1 h4 32.Qe3 hxg3+ 33.Qxg3 Qxg3+ 34.Kxg3 Rb8 35.a5 Rxb2  0-1

[Event "Vienna op-B"]
[Site "Vienna"]
[Date "1995.??.??"]
[Round "5"]
[White "Seidl, Reinhard"]
[Black "Hamberger, Josef"]
[Result "1/2-1/2"]
[WhiteElo "1965"]
[BlackElo "1845"]

1.e4 d6 2.d4 Nf6 3.Nc3 c6 4.Be3 Qa5 5.f3 e5 6.Ne2 Be7 7.Qd2 b5 8.Ng3 O-O
9.Be2 Re8 10.O-O b4 11.Nd1 c5 12.d5 Nbd7 13.Nf2 Qc7 14.a3 a5 15.b3 Bb7 16.Nd3  1/2-1/2

[Event "Vienna op-B"]
[Site "Vienna"]
[Date "1995.??.??"]
[Round "9"]
[White "Bliberger, K."]
[Black "Hamberger, Josef"]
[Result "0-1"]
[WhiteElo "1810"]
[BlackElo "1845"]

1.e4 d6 2.d4 Nf6 3.Nc3 c6 4.f4 Qa5 5.Bd3 e5 6.Ne2 exd4 7.Nxd4 g6 8.Nf3 Bg7
9.O-O O-O 10.Kh1 Nbd7 11.Bd2 Nc5 12.Rb1 Nxd3 13.cxd3 Bg4 14.Nd5 Qd8 15.Nxf6+ Bxf6
16.h3 Be6 17.b3 Bg7 18.Qe1 Re8 19.Qf2 c5 20.g4 f5 21.gxf5 gxf5 22.Rg1 Kh8
23.Rxg7 Kxg7 24.Bc3+ Kf7 25.Ng5+ Ke7 26.e5 Bd5+ 27.Kh2 Rg8 28.Qh4 Kd7 29.Qxh7+ Kc6
30.exd6 Qxd6 31.Be5 Rxg5 32.h4 Rg2+ 33.Kh3 Qg6 34.Qc7+ Kb5 35.a4+ Ka6  0-1

[Event "CUB-ch sf"]
[Site "Villa Clara"]
[Date "1995.??.??"]
[Round "9"]
[White "Hernandez, Amaury"]
[Black "Espinoza Flores, Rafael"]
[Result "1-0"]
[WhiteElo "2205"]
[BlackElo "2405"]

1.e4 d6 2.d4 Nf6 3.Nc3 c6 4.h3 g6 5.a4 Qa5 6.Bd2 Bg7 7.Nf3 O-O 8.Be2 Qc7
9.O-O Nbd7 10.Qc1 Re8 11.Bh6 Bh8 12.Ng5 Nf8 13.f4 Qb6 14.Nf3 Nh5 15.a5 Qc7
16.Kh2 e5 17.dxe5 dxe5 18.f5 Nf4 19.Bc4 gxf5 20.g3 fxe4 21.Ng5 Be6 22.Bxe6 N4xe6
23.Rxf7 Re7 24.Rf2 Bg7 25.Bxg7 Rxg7 26.Ngxe4 Nd7 27.Qe3 a6 28.Rd1 Rf8 29.Rxf8+ Nexf8
30.b4 Rg6 31.Na4 Nf6 32.Nac5 Nd5 33.Qe1 Qf7 34.c4 Ne7 35.Nd6 Qf3 36.Rd3 Qh5
37.Qf1 Rg7 38.Rf3 Neg6 39.Ne8  1-0

[Event "Villa Martelli"]
[Site "Villa Martelli"]
[Date "1995.??.??"]
[Round "6"]
[White "Rodriguez, Andres"]
[Black "Hoffman, Alejandro"]
[Result "1-0"]
[WhiteElo "2490"]
[BlackElo "2495"]

1.e4 d6 2.d4 Nf6 3.Nc3 e5 4.Nf3 Nbd7 5.g3 c6 6.Bg2 b5 7.O-O Bb7 8.Re1 Be7
9.b3 O-O 10.Bb2 Re8 11.a4 a6 12.Nb1 Bf8 13.axb5 cxb5 14.d5 Nc5 15.Nbd2 Qb6
16.h3 g6 17.Qe2 Nh5 18.Kh2 a5 19.Bf1 Ba6 20.Qe3 Qc7 21.Rec1 f5 22.exf5 gxf5
23.Qg5+ Ng7 24.Qh6 Re7 25.Re1 Bb7 26.Bxb5 Bxd5 27.Bc4 Bxc4 28.Nxc4 Ra6 29.Ne3 d5
30.Qh4 Ne4 31.Re2 Ree6 32.Nxd5 Qb7 33.c4 Rh6 34.Qd8 Qf7 35.Nxe5 Rxh3+ 36.Kxh3 Qh5+
37.Kg2 Ne6 38.Ne7+ Kg7 39.N5g6+ Kh6 40.Ng8+ Kxg6 41.Qe8+  1-0

[Event "Vladivostok2 op"]
[Site "Vladivostok"]
[Date "1995.??.??"]
[Round "1"]
[White "Saltaev, Mihail"]
[Black "Korniushin, Nikolay"]
[Result "1-0"]
[WhiteElo "2520"]
[BlackElo "2260"]

1.e4 d6 2.d4 Nf6 3.Nc3 e5 4.dxe5 dxe5 5.Qxd8+ Kxd8 6.Bc4 Be6 7.Bxe6 fxe6
8.f3 Bd6 9.Be3 a6 10.Nh3 Ke7 11.O-O-O Nc6 12.Nf2 h6 13.Nd3 b6 14.Kb1 Rhf8
15.Rd2 Nd7 16.Na4 Na5 17.b3 c5 18.Rhd1 Nb7 19.f4 Rad8 20.fxe5 Bc7 21.c4 Na5
22.Nf4 Nxe5 23.Rxd8 Rxd8 24.Rxd8 Bxd8 25.h3 Kd6 26.Kc2 Nd7 27.Ng6 b5 28.cxb5 axb5
29.Nc3 Kc6 30.Ne2 Bf6 31.Bd2 Nb7 32.Nef4 Kd6 33.Nd3 Bd4 34.e5+ Kd5 35.Ndf4+ Ke4
36.Nxe6 Nxe5 37.Ne7 c4 38.Nxd4 Kxd4 39.Nf5+ Kc5 40.Nxg7 Nd6 41.Bxh6 b4 42.h4 Ng4
43.Bf4 Nb5 44.Ne6+  1-0

[Event "Vladivostok op"]
[Site "Vladivostok"]
[Date "1995.??.??"]
[Round "1"]
[White "Maksimenko, Andrei"]
[Black "Annakov, Babakuli"]
[Result "1/2-1/2"]
[WhiteElo "2525"]
[BlackElo "2420"]

1.e4 d6 2.d4 Nf6 3.Nc3 e5 4.dxe5 dxe5 5.Qxd8+ Kxd8 6.Bg5 Be6 7.O-O-O+ Kc8
8.a3 Nbd7 9.f3 Ne8 10.Nge2 f6 11.Be3 Bc5 12.Bxc5 Nxc5 13.Nd5 c6 14.Ne3 Kc7
15.Ng3 g6 16.b4 Nd7 17.Bc4 Bxc4 18.Nxc4 Nb6 19.Na5 Ng7 20.Rd2 Ne6 21.Rhd1 Rad8
22.Rxd8  1/2-1/2

[Event "Vladivostok op"]
[Site "Vladivostok"]
[Date "1995.??.??"]
[Round "5"]
[White "Kovalev, Andrei"]
[Black "Ivanov, Timur"]
[Result "1-0"]
[WhiteElo "2545"]
[BlackElo "2425"]

1.e4 d6 2.d4 Nf6 3.Nc3 e5 4.Nf3 Nbd7 5.Bc4 Be7 6.O-O O-O 7.Re1 c6 8.a4 b6
9.Ba2 Bb7 10.dxe5 dxe5 11.Nh4 g6 12.Bh6 Re8 13.Qf3 Bf8 14.Bg5 Bg7 15.Rad1 Qe7
16.Rxd7 Qxd7 17.Bxf6 Bxf6 18.Qxf6 Qe7 19.Qxe7 Rxe7 20.Rd1 Kf8 21.Nf3 Ke8
22.Ng5 f6 23.Nf7 Rd7 24.Nd6+ Ke7 25.Nxb7 Rxb7 26.Kf1 Rd7 27.Rxd7+ Kxd7 28.Nd1 Kd6
29.Ne3 Kc5 30.c3 a5 31.Ke2 Rd8 32.Ng4 Rf8 33.g3 Kd6 34.f4 b5 35.axb5 cxb5
36.h4 a4 37.Bb1 b4 38.Kd3 bxc3 39.Kxc3 Rc8+ 40.Kd2 Rb8 41.Kc1 Rb3 42.Nxf6 Rxg3
43.f5 Rh3 44.Nxh7 Rxh4 45.Ng5 Rh1+ 46.Kc2 gxf5 47.exf5 Rf1 48.f6 e4 49.Nxe4+ Ke5
50.Nc5 Kxf6 51.Nxa4 Ke7 52.Ba2 Kd6 53.Bc4 Kc7  1-0

[Event "AUT-ch"]
[Site "Voitsberg"]
[Date "1995.??.??"]
[Round "4"]
[White "Schlosser, Michael"]
[Black "Casagrande, Harald"]
[Result "0-1"]
[WhiteElo "2365"]
[BlackElo "2340"]

1.e4 d6 2.d4 Nf6 3.Nc3 c6 4.f4 Qa5 5.Bd3 e5 6.dxe5 dxe5 7.f5 b5 8.Nf3 Nbd7
9.O-O b4 10.Nb1 Nc5 11.Nxe5 Ncxe4 12.Ng4 Nxg4 13.Bxe4 Qc5+ 14.Kh1 Ba6 15.Bxc6+ Qxc6
16.Re1+ Be7 17.Qxg4 O-O 18.Nd2 Rfe8 19.Ne4 Bb7 20.Bf4 Bf8 21.Ng5 Rxe1+ 22.Rxe1 Re8
23.Rxe8 Qxe8 24.Qd1 h6 25.Nf3 Qe4 26.Bb8 Qxf5 27.Bxa7 g5 28.h3 h5 29.Bb8 g4
30.hxg4 Qxg4 31.Bh2 h4 32.Qe2 h3  0-1

[Event "AUT-chT9596"]
[Site "Vorarlberg"]
[Date "1995.??.??"]
[Round "2"]
[White "Lutzenberger, Raimund"]
[Black "Laske, Erich"]
[Result "1-0"]
[WhiteElo "2255"]
[BlackElo "2145"]

1.e4 d6 2.d4 Nf6 3.Nc3 c6 4.Bd3 e5 5.Nge2 Be7 6.a4 a5 7.f3 Na6 8.Be3 Nb4
9.O-O O-O 10.Qd2 Qc7 11.Ng3 Re8 12.dxe5 dxe5 13.Bc4 Bf8 14.Qf2 Be6 15.Bxe6 Rxe6
16.Bb6 Qc8 17.Rfd1 Nd7 18.Be3 Qc7 19.Rd2 g6 20.Rad1 Rd6 21.Nf1 Rxd2 22.Qxd2 Nc5
23.b3 Nba6 24.Qf2 Rd8 25.Rxd8 Qxd8 26.Nd2 Ne6 27.Bb6 Qg5 28.h4 Qf6 29.Nc4 Bb4
30.Na2 Nd4 31.c3 Nxb3 32.cxb4 axb4 33.Ne3 Qd6 34.h5 Qd3 35.hxg6 hxg6 36.Qc2 Qxc2
37.Nxc2 c5 38.Kf2 Nd2 39.Ne3 b3 40.Nc3 b2 41.Ke2 b1=Q 42.Nxb1 Nxb1 43.Kd3 Nb8
44.Kc4 Na6 45.Kb3 Nd2+ 46.Kc2 Nxe4 47.fxe4 Kg7 48.Kc3 Kf6 49.Kc4 Kg5 50.Bd8+ Kf4
51.Nf1 Kxe4 52.Bg5 Kf5 53.Be3 Ke4 54.Bd2 f6 55.Ng3+  1-0

[Event "AUT-chT9596"]
[Site "Vorarlberg"]
[Date "1995.??.??"]
[Round "4"]
[White "Wohlfart, Hubert"]
[Black "Dorner, Guenther"]
[Result "1-0"]
[WhiteElo "2195"]
[BlackElo "1990"]

1.e4 d6 2.d4 Nf6 3.Nc3 c6 4.h3 Nbd7 5.Nf3 e5 6.dxe5 dxe5 7.Bc4 Be7 8.O-O O-O
9.a4 b6 10.Qe2 Qc7 11.Bg5 a6 12.Nh4 Re8 13.Nf5 Bf8 14.Qf3 Bb7 15.Rad1 b5
16.Ba2 b4 17.Rxd7 Qxd7 18.Nh6+ Kh8 19.Nxf7+ Qxf7 20.Bxf7 Re7 21.Ba2 bxc3
22.Bxf6 gxf6 23.Qxf6+ Rg7 24.Rd1 Re8 25.Rd8  1-0

[Event "AUT-chT9596"]
[Site "Vorarlberg"]
[Date "1995.??.??"]
[Round "4"]
[White "Welsh, Michael"]
[Black "Dorner, Guenther"]
[Result "0-1"]
[WhiteElo "2200"]
[BlackElo "1990"]

1.e4 d6 2.d4 Nf6 3.Nc3 c6 4.a4 Nbd7 5.Nf3 e5 6.Bc4 Be7 7.O-O O-O 8.Re1 Re8
9.Bxf7+ Kxf7 10.Ng5+ Kg8 11.Ne6 Qa5 12.b4 Qxb4 13.Na2 Qc4 14.Nc7 Rb8 15.Nxe8 Nxe8
16.c3 Ndf6 17.Ba3 c5 18.Nc1 Bd7 19.Bb2 Nc7 20.Nd3 Qe6 21.d5 Qf7 22.Nxe5 dxe5
23.d6 Bd8 24.dxc7 Bxc7 25.Qe2 Rf8 26.f3 Nh5 27.Bc1 Nf4 28.Bxf4 Qxf4 29.Qc4+ Qf7
30.Qxf7+ Kxf7 31.Red1 Ke6 32.Kf2 Bc6 33.Ke3 Ba5 34.c4 Bc3 35.Ra2 Bd4+ 36.Kd3 h5
37.Kc2 g5 38.h3 g4 39.hxg4 hxg4 40.Ra3 gxf3 41.gxf3 Rh8 42.Rd2 Rh3 43.Re2 Kf6
44.Kd2 Rg3 45.Rh2 Bxe4 46.Ke2 Bg6 47.Rh8 Bf7 48.Rh6+ Kg7  0-1

[Event "AUT-chT9596"]
[Site "Vorarlberg"]
[Date "1995.??.??"]
[Round "4"]
[White "Pocak, Edmund"]
[Black "Dorner, Guenther"]
[Result "1-0"]
[WhiteElo "1975"]
[BlackElo "1990"]

1.e4 d6 2.d4 Nf6 3.Nc3 c6 4.Nf3 Bg4 5.Be2 Nbd7 6.O-O e5 7.Be3 Be7 8.Qd2 O-O
9.Rad1 b5 10.a3 a5 11.b4 axb4 12.axb4 Bxf3 13.Bxf3 exd4 14.Bxd4 Ne5 15.Be2 Nc4
16.Qf4 Nd7 17.Qg3 Nce5 18.f4 Bh4 19.Qh3 Ng6 20.Bg4 Nf6 21.f5 Nh8 22.e5 dxe5
23.Bxe5 Nd5 24.Nxd5 cxd5 25.Bf3 Ra3 26.Qg4 Bf6 27.Rxd5 Qb6+ 28.Qd4 Qxd4+
29.Bxd4 Bxd4+ 30.Rxd4 g6 31.f6 Ra6 32.Be2 Rb6 33.Rd5 Rfb8 34.g4 h6 35.h4 Re8
36.Bd3 Re3 37.Kg2  1-0

[Event "Werfen op"]
[Site "Werfen"]
[Date "1995.??.??"]
[Round "1"]
[White "Hertneck, Gerald"]
[Black "Kosec, Tina"]
[Result "1-0"]
[WhiteElo "2570"]
[BlackElo "2120"]

1.d4 d6 2.e4 Nf6 3.Nc3 e5 4.Nf3 Nbd7 5.g3 c6 6.a4 a5 7.Bg2 g6 8.O-O Bg7 9.b3 O-O
10.Ba3 exd4 11.Nxd4 Ne8 12.Qd2 Nc5 13.Rad1 Qc7 14.Rfe1 Bg4 15.f3 Be6 16.Nxe6 Nxe6
17.Ne2 Rd8 18.Kh1 b5 19.c4 b4 20.Bb2 Nc5 21.Nc1 Bxb2 22.Qxb2 Ng7 23.f4 f6
24.Qf2 Nge6 25.f5 Ng7 26.Qc2 g5 27.Nd3 Qe7 28.Nxc5 dxc5 29.Rxd8 Rxd8 30.e5 fxe5
31.Bxc6 Qf6 32.Bd5+ Kh8 33.g4 h5 34.h3 Re8 35.Re4 Qh6 36.Kg2 h4 37.Qf2 Qd6
38.f6 Ne6 39.f7  1-0

[Event "Werfen op"]
[Site "Werfen"]
[Date "1995.??.??"]
[Round "3"]
[White "Krakops, Maris"]
[Black "Kraschl, Joerg"]
[Result "1-0"]
[WhiteElo "2525"]
[BlackElo "2320"]

1.e4 d6 2.d4 Nf6 3.Nc3 e5 4.Nf3 Nbd7 5.Bc4 Be7 6.O-O O-O 7.a4 c6 8.Ba2 b6
9.Qe2 a6 10.dxe5 dxe5 11.Rd1 Qc7 12.Nh4 Nc5 13.Nf5 Bxf5 14.exf5 a5 15.Bg5 e4
16.Qe3 Rad8 17.h3 h6 18.Bf4 Bd6 19.Rxd6 Rxd6 20.Bxd6 Qxd6 21.Rd1 Qe5 22.g4 Nh7
23.f4 Qf6 24.Bc4 h5 25.Kg2 Re8 26.b3 g6 27.fxg6 Qxg6 28.f5 Qg7 29.Rd6 Kh8
30.Rxc6 hxg4 31.h4 Nd7 32.Bb5 Ne5 33.Rxb6 Rc8 34.Nxe4 Rxc2+ 35.Kg3 Nd7 36.f6 Nhxf6
37.Nxf6 Nxf6 38.Qe5 Rc3+ 39.Kg2 Ng8 40.Qh5+ Qh7 41.Qe5+ Qg7 42.Qh5+ Qh7 43.Qxh7+ Kxh7
44.Bc4 Nh6 45.Rb5 f5 46.Rxa5 Rc2+ 47.Kg3 Rc3+ 48.Kf4 Kg6 49.Ra6+ Kh5 50.Bd5 Rc1
51.Rf6 Rf1+ 52.Kg3 f4+ 53.Kg2 Rd1 54.Bc6 Rd2+ 55.Kf1 f3 56.a5 Kxh4 57.Rxh6+ Kg3
58.Bxf3 Kxf3 59.Rf6+ Ke4 60.a6 Ra2 61.b4 Kd5 62.Rb6 Ke4 63.b5 g3 64.Rf6 Ke3
65.Kg1 Ra5 66.Rf8 Rxb5 67.a7 Rb1+ 68.Kg2 Rb6 69.a8=Q  1-0

[Event "Hoogovens op"]
[Site "Wijk aan Zee"]
[Date "1995.??.??"]
[Round "9"]
[White "Winants, Luc"]
[Black "Cifuentes Parada, Roberto"]
[Result "1/2-1/2"]
[WhiteElo "2500"]
[BlackElo "2535"]

1.e4 d6 2.d4 Nf6 3.Nc3 e5 4.Nf3 Nbd7 5.Bc4 Be7 6.O-O O-O 7.a4 c6 8.Re1 Qc7
9.Bg5 b6 10.d5 Bb7 11.dxc6 Bxc6 12.Bb3 h6 13.Bxf6 Nxf6 14.Qd3 Rac8 15.Nh4 d5
16.Nf5 d4 17.Qg3 Nh5 18.Qg4 Bg5 19.Qxh5 Kh8 20.Nb5 Bxb5 21.axb5 g6 22.Qf3 gxf5
23.Qxf5 Qe7 24.Ra4 Rc7 25.Qf3 Rd8 26.Qd3 Rc5 27.Rea1 Rc7 28.g3 Qd7 29.h4 Bf6
30.Bc4 Qg4 31.b3 Qd7 32.Ra6 Qe7 33.R1a4 Rdd7 34.Kg2 Rc8 35.Qf3 Rcc7 36.Qg4 Bg7
37.Qf5 Rd6 38.Qf3 Bf6 39.Qh5 Bg7 40.Ra2 Rdd7 41.Bd5 Qd6 42.Qf5 Qe7 43.Bc4 Rd6
44.Ra1 Kg8 45.Qh5 Rf6 46.Rd1 Qb4 47.Qe2 Qe7 48.Rd3 Rg6 49.Rf3 Rf6 50.Rxf6 Qxf6
51.Ra1 Qe7 52.Rd1 Rd7 53.Qg4 Rd6 54.Ra1 Rd7 55.Qf5 Rc7 56.Rd1 Qf6 57.Qxf6 Bxf6
58.Kf3 Be7 59.Kg4 Kg7 60.Kf5 Bd6 61.Ra1 Re7 62.h5 Bb8 63.Rh1 Bd6 64.Ra1 Rc7
65.Ra4 Re7 66.Bd5 Rc7 67.Bc4 Re7 68.f4 Bb8 69.Bd5 Rc7 70.Bc6 Re7 71.Rc4 Re6
72.Kg4 Rf6 73.f5 Rd6 74.Bd5 Rd8 75.Rc6 Bd6 76.Kf3 Kf6 77.Ke2 Ke7 78.g4 Rd7
79.Kd3 Rc7 80.Kc4 f6 81.Be6 a5 82.Kd5 Rxc6 83.bxc6 Bc7 84.Bc8 b5 85.Kc5 b4
86.Ba6 Bd8 87.Bc4 Bc7 88.Kd5 Bb8 89.Be2 Bc7 90.Kc5 Bd8 91.Bf1 Bc7 92.Bc4 Bd8
93.Bd5 Bc7 94.Kb5 Kd8 95.Ka6 Kc8 96.Be6+ Kd8 97.Kb7 Bd6 98.Bc4 Bc7 99.Be2 Bd6
100.Bb5 Bc7 101.Bc4 Bd6 102.Bf1 Bc7 103.Bh3 Bd6 104.Bf1 Bc7 105.Bc4 Bd6 106.Be6 Bc7
107.Bc4 Bd6 108.Be2  1/2-1/2

[Event "Oberliga Wuert9495"]
[Site "Wuerttemberg"]
[Date "1995.??.??"]
[Round "?"]
[White "Matzdorf, Michael"]
[Black "Frank, Bjoern"]
[Result "1-0"]
[WhiteElo "2230"]
[BlackElo "2255"]

1.d4 d6 2.e4 Nf6 3.Nc3 c6 4.h3 Qa5 5.Bd3 e5 6.Be3 Nbd7 7.Nf3 Be7 8.O-O exd4
9.Nxd4 Ne5 10.Be2 Qc7 11.f4 Ng6 12.a4 b6 13.Nxc6 Bb7 14.Nd5 Nxd5 15.exd5 Bf6
16.Bd4 Bxd4+ 17.Qxd4 O-O 18.Ra3 Ne7 19.Nxe7+ Qxe7 20.Re3 Qc7 21.Rg3 g6 22.Rc3 Qe7
23.Bb5 Rac8 24.Bc6 Rc7 25.b4 Rfc8 26.b5 f5 27.Re3 Qg7 28.Qd3 Re7 29.Rfe1 Rcc7
30.Kh2 Bc8 31.Re6 Bxe6 32.dxe6 Qf6 33.Qxd6 Kg7 34.c4 Qc3 35.Bd7 Qxe1 36.Qxe7+ Kh6
37.Qg5+ Kg7 38.Qe7+ Kh6 39.Qf8+ Kh5 40.Qd8  1-0

[Event "Oberliga Wuert9596"]
[Site "Wuerttemberg"]
[Date "1995.??.??"]
[Round "?"]
[White "Escher, Thomas"]
[Black "Mira, Helene"]
[Result "1-0"]
[WhiteElo "2215"]
[BlackElo "2070"]

1.e4 d6 2.d4 Nf6 3.Nc3 c6 4.Nf3 Bg4 5.h3 Bxf3 6.Qxf3 e6 7.Bd3 d5 8.exd5 cxd5
9.Bg5 Nc6 10.Ne2 Be7 11.O-O O-O 12.c3 Ne8 13.Be3 g6 14.Bh6 Ng7 15.Nf4 Bg5
16.Bxg5 Qxg5 17.Rfe1 Rac8 18.g3 Qf6 19.Qe3 Nf5 20.Bxf5 Qxf5 21.g4 Qg5 22.Qg3 h6
23.Re2 b5 24.Nd3 h5 25.f4 Qh6 26.Nc5 Rfd8 27.b4 a5 28.bxa5 Nxa5 29.Rb1 Rb8
30.Reb2 Nc4 31.Rxb5 Ra8 32.Ra1 hxg4 33.hxg4 Kg7 34.Kg2 Rh8 35.a4 e5 36.dxe5 Nxe5
37.Rbb1 g5 38.fxe5 Qc6 39.Nd3 d4+ 40.Kf2 dxc3 41.Qf3 Rh2+ 42.Ke3 Qxf3+ 43.Kxf3 Rd8
44.Nf2 Rd2 45.Rf1 c2 46.Ke3 Rd5 47.Ke4 Rd2 48.Nd3 Rh3 49.Nc1 Rd1 50.Rf2 Rc3
51.a5 Rc4+ 52.Kf5 Rd5 53.Kxg5 Rxe5+ 54.Kh4 Ree4 55.Kh3 Rc3+ 56.Kh2 Ree3 57.Ra2 Rh3+
58.Kg1 Rhe3 59.Rfxc2 Re1+ 60.Kf2 Rxc1 61.Rxc1 Rxc1 62.a6 Rc8 63.a7 Ra8 64.Ke3 Kf6
65.Kf4 Ke6 66.Ra6+ Kd7 67.Kf5 Ke7 68.Ke5 f6+ 69.Kd5 Kd7 70.Rxf6 Kc7 71.Rf7+ Kb6
72.g5  1-0

[Event "Oberliga Wuert9495"]
[Site "Wuerttemberg"]
[Date "1995.??.??"]
[Round "?"]
[White "Einwiller, Dieter"]
[Black "Froehlich, Peter"]
[Result "0-1"]
[WhiteElo "2290"]
[BlackElo "2215"]

1.e4 d6 2.d4 Nf6 3.Nc3 c6 4.Be2 g6 5.h3 b5 6.a3 Bg7 7.Nf3 O-O 8.O-O Nbd7
9.Bf4 a6 10.Qd2 c5 11.dxc5 Nxc5 12.Qe3 Bb7 13.e5 dxe5 14.Nxe5 Nce4 15.Bf3 Nxc3
16.Bxb7 Ncd5 17.Qf3 Nxf4 18.Bxa8 N6h5 19.Nc6 Qxa8 20.g4 Rc8 21.gxh5 e5 22.Ne7+ Kf8
23.Qxa8 Rxa8 24.Nc6 Rc8 25.Nb4 a5 26.Nd3 Ne2+ 27.Kh2 Rxc2 28.b4 e4 29.Ne1 Be5+
30.Kh1 Rc3 31.f4 Rxh3+ 32.Kg2 Rg3+ 33.Kf2 Bxa1 34.Kxe2 axb4 35.axb4 Bc3 36.hxg6 Bxe1
37.Rxe1 hxg6 38.Rd1 Rb3 39.Rd4 f5 40.Rd7 Rxb4 41.Ke3 Rb3+  0-1

[Event "EU-ch U16"]
[Site "Zagan"]
[Date "1995.??.??"]
[Round "2"]
[White "Praznik, Niko"]
[Black "Svetushkin, Dmitry"]
[Result "1-0"]
[WhiteElo "2130"]
[BlackElo "2220"]

1.e4 d6 2.d4 Nf6 3.Nc3 e5 4.Nf3 Nbd7 5.Bc4 Be7 6.O-O O-O 7.Qe2 c6 8.a4 b6
9.h3 Bb7 10.dxe5 dxe5 11.Rd1 Qc7 12.Nh4 Nc5 13.Nf5 Bc8 14.Qf3 Be6 15.Bxe6 fxe6
16.Nxe7+ Qxe7 17.Qe2 Rad8 18.Bg5 Nb7 19.Rxd8 Nxd8 20.Qc4 c5 21.a5 Nf7 22.Bh4 Rd8
23.axb6 axb6 24.Qb5 Qb7 25.Ra6 Rb8 26.f3 Nd8 27.Nd1 Nc6 28.c3 Ne8 29.Ra1 Ne7
30.Bxe7 Qxe7 31.Ne3 Qc7 32.Rd1 Nd6 33.Qd3 Rd8 34.Qa6 h6 35.Qa2 Kf7 36.Ng4 c4
37.Nxe5+ Kg8 38.Nxc4 Nxc4 39.Rxd8+ Qxd8 40.Qxc4 Qd1+ 41.Kh2 Qd6+ 42.Kg1 Kh7
43.Qd4 Qf4 44.c4 h5 45.Qc3 g5 46.b4 g4 47.hxg4 hxg4 48.fxg4 Qxe4 49.c5 bxc5
50.bxc5 Qc6 51.Qe5 Qa6 52.Qe4+ Kg7 53.c6 Kf6 54.Qd4+ e5 55.Qd8+ Kf7 56.Qd7+ Kg8
57.Qe8+ Kh7 58.Qf7+ Kh8 59.c7 Qb6+ 60.Kh2 Qa6 61.Qf8+  1-0

[Event "EU-ch U18"]
[Site "Zagan"]
[Date "1995.??.??"]
[Round "10"]
[White "Mirumian, Vigen"]
[Black "Ruck, Robert"]
[Result "1/2-1/2"]
[WhiteElo "2415"]
[BlackElo "2480"]

1.e4 d6 2.d4 Nf6 3.Nc3 Nbd7 4.Be3 e5 5.f3 c6 6.Qd2 Be7 7.O-O-O Nb6 8.Qe1 Qc7
9.g4 Be6 10.Kb1 h6 11.Nge2 Nc4 12.Bc1 b5 13.d5 cxd5 14.exd5 Bd7 15.Ng3 Rc8
16.Nce4 Nxe4 17.Qxe4 Nb6 18.Nf5 Bxf5 19.Qxf5 a6 20.Bd3 Qb7 21.f4 Nd7 22.Rhe1 Bf6
23.h4 Bxh4 24.Rh1 g6 25.Qe4 Bf6 26.fxe5 Nxe5 27.Bxh6 Qe7 28.Rde1 Kd8 29.Qg2 Rg8
30.Be3 Kc7 31.g5 Bg7 32.Rh7 Kb8 33.Bd4 Qc7 34.Rf1 Qe7 35.Re1 Qc7 36.Rf1 Qe7
37.c3 Rc7 38.Bc2 Qf8 39.Qh3 Nc4 40.Qd3 Ne5 41.Bxe5 Bxe5 42.a4 Qe8 43.axb5 axb5
44.Re1 Rb7 45.Re4 Rh8 46.Rxh8 Qxh8 47.Rb4 Qh1+ 48.Ka2 Qg1 49.Rxb5 Qa7+ 50.Kb1 Qg1+
51.Ka2 Qa7+ 52.Kb3 Rxb5+ 53.Qxb5+ Qb7 54.Bd3 Bf4 55.Qxb7+ Kxb7 56.Bb5 Bxg5
57.Be8  1/2-1/2

[Event "Zalakaros op"]
[Site "Zalakaros"]
[Date "1995.??.??"]
[Round "2"]
[White "Horvath, Tamas"]
[Black "Szirmai, Eduard"]
[Result "1-0"]
[WhiteElo "2410"]
[BlackElo "2245"]

1.e4 d6 2.d4 Nf6 3.Nc3 c6 4.f4 Qa5 5.Bd3 Na6 6.e5 dxe5 7.fxe5 Nd5 8.Bd2 Be6
9.Nf3 Nab4 10.Be4 Qb6 11.Na4 Qd8 12.c4 b5 13.cxd5 cxd5 14.Bb1  1-0

[Event "Zlin op"]
[Site "Zlin"]
[Date "1995.??.??"]
[Round "7"]
[White "Kotek, Daniel"]
[Black "Opravil, Karel"]
[Result "1-0"]
[WhiteElo "2360"]
[BlackElo "2135"]

1.e4 d6 2.d4 Nf6 3.Nc3 e5 4.dxe5 dxe5 5.Qxd8+ Kxd8 6.Bc4 Be6 7.Bxe6 fxe6
8.Nf3 Bd6 9.Be3 Ke7 10.a3 Rd8 11.Ke2 Nbd7 12.Rhd1 Nb6 13.b3 Rd7 14.Nd2 c6
15.f3 Rad8 16.Rdb1 h6 17.Nd1 Nh5 18.g3 Bc7 19.Nf2 Ke8 20.Nd3 Bd6 21.a4  1-0

[Event "Zuerich op"]
[Site "Zuerich"]
[Date "1995.??.??"]
[Round "1"]
[White "Fierz, Martin"]
[Black "Schmidt Schaeffer, Sebastian"]
[Result "0-1"]
[WhiteElo "2225"]
[BlackElo "2340"]

1.e4 d6 2.d4 Nf6 3.Nc3 Nbd7 4.f4 e5 5.Nf3 exd4 6.Qxd4 c6 7.a4 d5 8.e5 Bc5
9.Qd3 Ng4 10.Nd4 Ngxe5 11.fxe5 Qh4+  0-1

[Event "Zuerich op"]
[Site "Zuerich"]
[Date "1995.??.??"]
[Round "1"]
[White "Paulsen, Dirk"]
[Black "Laske, Erich"]
[Result "0-1"]
[WhiteElo "2325"]
[BlackElo "2145"]

1.d4 d6 2.e4 Nf6 3.Nc3 c6 4.Nge2 Nbd7 5.h3 e5 6.g4 Be7 7.Bg2 b5 8.a3 Bb7
9.Be3 Nb6 10.b3 Nfd7 11.O-O O-O 12.Ng3 g6 13.Qd2 f6 14.a4 b4 15.Nce2 a5 16.c4 bxc3
17.Qxc3 d5 18.Rad1 Bb4 19.Qc2 Rc8 20.f4 Qe7 21.Kh2 dxe4 22.Bxe4 Nd5 23.Bc1 Ba6
24.dxe5 fxe5 25.f5 N7f6 26.fxg6 Nxe4 27.Qxe4 Kh8 28.Bb2 hxg6 29.Qxg6 Rf6
30.Qh5+ Kg8 31.Bxe5 Bd6 32.Qg5+ Kh7 33.Rxd5 Rf2+ 34.Rxf2 Qxg5 35.Rf5 Qe3
36.Bd4 Qxe2+ 37.Kg1  0-1